| 000 | 00467nam a22001457a 4500 | ||
|---|---|---|---|
| 005 | 20260325175635.0 | ||
| 008 | 260325b |||||||| |||| 00| 0 eng d | ||
| 020 | _a9780619100001 | ||
| 050 | _aHF5548.4 PHI | ||
| 100 | _aPhillips, Harry L. | ||
| 245 |
_aNew Perspectives on Microsoft Windows XP Professional: _bpower users _cHarry L. Phillips |
||
| 260 |
_aAustralia _bThomson Course Technology _c2003 |
||
| 300 |
_axiii. various paging _bill. _c27cm |
||
| 942 |
_2lcc _cBK _n0 |
||
| 999 |
_c9161 _d9161 |
||